SARI KEHRİBAR (Record no. 964044)

MARC details
000 -LEADER
sabit uzunluktaki kontrol alanı 00244nam a2200097Ia 4500
001 - KONTROL NUMARASI
kontrol alanı 964044
005 - EN SON İŞLEMİN TARİH VE ZAMANI
kontrol alanı 20250826220219.0
008 - SABİT-UZUNLUKTA VERİ ÖĞELERİ--GENEL BİLGİ
sabit uzunluktaki kontrol alanı 250824s9999 xx 000 0 und d
245 #0 - ESER / YAZAR
ESER ADI SARI KEHRİBAR
Yazar Adı ERDAL ÇAKICIOĞLU
260 ## - YAYIN, DAĞITIM, VB.
YAYIN EVİ AKVARYUM YAYINLARI
Holdings
Düşüm durumu Kayıp durumu Hasar Durumu Ödünç verilmez Ana kütüphane Geçerli Kütüphane Edinilen tarih Toplam ödünç verme sayısı Barkod Son görüntüleme tarihi Fiyatın geçerli olmaya başladığı tarih Koha materyal türü
        TATKÖY İLKOKULU TATKÖY İLKOKULU 24.08.2025   10364922 26.08.2025 26.08.2025 Books